<?xml version="1.0" encoding="UTF-8"?><?xml-stylesheet type="text/xsl" href="static/style.xsl"?><OAI-PMH xmlns="http://www.openarchives.org/OAI/2.0/" xmlns:xsi="http://www.w3.org/2001/XMLSchema-instance" xsi:schemaLocation="http://www.openarchives.org/OAI/2.0/ http://www.openarchives.org/OAI/2.0/OAI-PMH.xsd"><responseDate>2026-04-28T19:07:15Z</responseDate><request verb="GetRecord" identifier="oai:uvadoc.uva.es:10324/59617" metadataPrefix="marc">https://uvadoc.uva.es/oai/request</request><GetRecord><record><header><identifier>oai:uvadoc.uva.es:10324/59617</identifier><datestamp>2024-12-13T12:07:15Z</datestamp><setSpec>com_10324_1133</setSpec><setSpec>com_10324_931</setSpec><setSpec>com_10324_894</setSpec><setSpec>col_10324_1209</setSpec></header><metadata><record xmlns="http://www.loc.gov/MARC21/slim" xmlns:doc="http://www.lyncode.com/xoai" xmlns:xsi="http://www.w3.org/2001/XMLSchema-instance" xmlns:dcterms="http://purl.org/dc/terms/" xsi:schemaLocation="http://www.loc.gov/MARC21/slim http://www.loc.gov/standards/marcxml/schema/MARC21slim.xsd">
<leader>00925njm 22002777a 4500</leader>
<datafield tag="042" ind1=" " ind2=" ">
<subfield code="a">dc</subfield>
</datafield>
<datafield tag="720" ind1=" " ind2=" ">
<subfield code="a">González Vicente, Luis</subfield>
<subfield code="e">author</subfield>
</datafield>
<datafield tag="720" ind1=" " ind2=" ">
<subfield code="a">Jiménez Barrios, María</subfield>
<subfield code="e">author</subfield>
</datafield>
<datafield tag="720" ind1=" " ind2=" ">
<subfield code="a">González Santos, Josefa</subfield>
<subfield code="e">author</subfield>
</datafield>
<datafield tag="720" ind1=" " ind2=" ">
<subfield code="a">Santamaría Peláez, Mirian</subfield>
<subfield code="e">author</subfield>
</datafield>
<datafield tag="720" ind1=" " ind2=" ">
<subfield code="a">Soto Cámara, Raúl</subfield>
<subfield code="e">author</subfield>
</datafield>
<datafield tag="720" ind1=" " ind2=" ">
<subfield code="a">Mielgo Ayuso, Juan Francisco</subfield>
<subfield code="e">author</subfield>
</datafield>
<datafield tag="720" ind1=" " ind2=" ">
<subfield code="a">Fernández Lázaro, Diego</subfield>
<subfield code="e">author</subfield>
</datafield>
<datafield tag="720" ind1=" " ind2=" ">
<subfield code="a">González Bernal, Jerónimo J.</subfield>
<subfield code="e">author</subfield>
</datafield>
<datafield tag="260" ind1=" " ind2=" ">
<subfield code="c">2021</subfield>
</datafield>
<datafield tag="520" ind1=" " ind2=" ">
<subfield code="a">Background: The high incidence of idiopathic scoliosis worldwide as well as the serious health problems it can cause in adulthood, make it necessary to seek effective treatments to prevent the progression of the disease to more aggressive treatments such as surgery and improve patients’ quality of life. The use of night braces, besides a less severe influence on the patient’s quality of life, is effective in stopping the progression of the curve in idiopathic scoliosis. Methods: A longitudinal study was performed with an experimental population of 108 participants who attended orthotic treatment at the University Hospital of Barcelona, with ages between 4 and 15 years old, with a main curvature greater than 25 degrees and a Risser between 0 and 3. The participants received treatment with Providence ISJ-3D night braces until their pubertal change (mean duration of 2.78 years for males and 1.97 years for females). Results: The implementation of night-time orthotic treatment in children with idiopathic scoliosis is effective in slowing the progression of the curve and in the prevention of more aggressive treatments such as surgery, maintaining the patient’s quality of life. Conclusions: The use of night braces is efficacious in the treatment of idiopathic scoliosis, although new studies including more sociodemographic data as well as curves from 20 degrees of progression are necessary.</subfield>
</datafield>
<datafield tag="024" ind2=" " ind1="8">
<subfield code="a">Journal of Clinical Medicine, 2021, Vol. 10, Nº. 17, 3915</subfield>
</datafield>
<datafield tag="024" ind2=" " ind1="8">
<subfield code="a">2077-0383</subfield>
</datafield>
<datafield tag="024" ind2=" " ind1="8">
<subfield code="a">https://uvadoc.uva.es/handle/10324/59617</subfield>
</datafield>
<datafield tag="024" ind2=" " ind1="8">
<subfield code="a">10.3390/jcm10173915</subfield>
</datafield>
<datafield tag="024" ind2=" " ind1="8">
<subfield code="a">3915</subfield>
</datafield>
<datafield tag="024" ind2=" " ind1="8">
<subfield code="a">17</subfield>
</datafield>
<datafield tag="024" ind2=" " ind1="8">
<subfield code="a">Journal of Clinical Medicine</subfield>
</datafield>
<datafield tag="024" ind2=" " ind1="8">
<subfield code="a">10</subfield>
</datafield>
<datafield tag="024" ind2=" " ind1="8">
<subfield code="a">2077-0383</subfield>
</datafield>
<datafield ind1=" " ind2=" " tag="653">
<subfield code="a">Orthopedics</subfield>
</datafield>
<datafield ind1=" " ind2=" " tag="653">
<subfield code="a">Pathology</subfield>
</datafield>
<datafield ind1=" " ind2=" " tag="653">
<subfield code="a">Escoliosis</subfield>
</datafield>
<datafield ind1=" " ind2=" " tag="653">
<subfield code="a">Columna vertebral - Anomalías - Tratamiento</subfield>
</datafield>
<datafield ind1=" " ind2=" " tag="653">
<subfield code="a">Surgery</subfield>
</datafield>
<datafield ind1=" " ind2=" " tag="653">
<subfield code="a">Quality of life</subfield>
</datafield>
<datafield tag="245" ind1="0" ind2="0">
<subfield code="a">The ISJ 3D brace, a providence brace evolution, as a surgery prevention method in idiopathic scoliosis</subfield>
</datafield>
</record></metadata></record></GetRecord></OAI-PMH>